[Event "FRA-ch Youth U12 2019"]
[Site "Hyeres"]
[Date "2019.04.15"]
[Round "3.3"]
[White "Makkar, Rajat"]
[Black "Lesueur, Gabriel"]
[Result "0-1"]
[WhiteElo "2147"]
[BlackElo "1589"]
[Annotator "NA"]
[PlyCount "78"]
[EventDate "2019.04.14"]
[EventType "swiss"]
[EventCountry "FRA"]
[SourceTitle "playchess.com"]
[Source "ChessBase"]
[SourceQuality "1"]
[TimeControl "5400+30"]

1. d4 {[%emt 0:00:00]} Nf6 {[%emt 0:00:00]} 2. c4 {[%emt 0:00:11]} g6 {[%emt 0:00:03]} 3. g3 {[%emt 0:00:10]} Bg7 {[%emt 0:00:06]} 4. Bg2 {[%emt 0:00:05]} O-O {[%emt 0:00:21]} 5. Nf3 {[%emt 0:00:17]} d6 {[%emt 0:00:33]} 6. Nc3 {[%emt 0:00:18]} Nbd7 {[%emt 0:00:30]} 7. O-O {[%emt 0:00:12]} e5 {[%emt 0:00:13]} 8. e4 {[%emt 0:00:31]} c6 {[%emt 0:01:20]} 9. h3 {[%emt 0:00:53]} Qe7 {[%emt 0:03:24]} 10. Re1 {[%emt 0:02:41]} Re8 {[%emt 0:04:46]} 11. b3 {[%emt 0:07:55]} a5 {[%emt 0:06:13]} 12. Ba3 {[%emt 0:04:13]} exd4 {[%emt 0:08:57]} 13. Nxd4 {[%emt 0:02:06]} Nc5 {[%emt 0:00:56]} 14. f4 {[%emt 0:07:15]} Nh5 {[%emt 0:20:36]} 15. Kh2 {[%emt 0:03:47]} f5 {[%emt 0:00:23] [#]} 16. e5 $16 {[%emt 0:00:32]} Nxg3 {[%emt 0:19:59]} 17. Bxc5 {[%emt 0:03:37]} dxc5 {[%emt 0:00:13]} 18. Nxc6 {[%emt 0:00:15]} Qh4 {[%emt 0:09:03]} 19. Bd5+ {[%emt 0:06:23]} Be6 {[%emt 0:05:35]} 20. Qf3 {[%emt 0:06:26]} Nh5 {[%emt 0:00:53]} 21. Rf1 {[%emt 0:00:56]} g5 {[%emt 0:03:22]} 22. Ne2 {[%emt 0:03:36]} bxc6 {[%emt 0:06:27]} 23. Bxc6 {[%emt 0:49:11]} Nxf4 {[%emt 0:00:08]} 24. Nxf4 {[%emt 0:00:00]} Bxe5 {[%emt 0:00:07]} 25. Bxa8 {[%emt 0:00:00]} Qxf4+ {[%emt 0:07:05]} 26. Qxf4 {[%emt 0:00:00]} Bxf4+ {[%emt 0:00:01]} 27. Rxf4 {[%emt 0:00:00]} gxf4 {[%emt 0:00:01]} 28. Bf3 {[%emt 0:00:00]} Bf7 {[%emt 0:01:59]} 29. Rd1 {[%emt 0:00:00]} a4 {[%emt 0:00:14]} 30. bxa4 {[%emt 0:00:00]} Bxc4 {[%emt 0:00:02]} 31. Rc1 {[%emt 0:00:00]} Re3 {[%emt 0:01:26]} 32. Kg2 {[%emt 0:00:00]} Bxa2 {[%emt 0:00:11]} 33. Rxc5 {[%emt 0:05:00]} Ra3 {[%emt 0:00:13]} 34. a5 {[%emt 0:00:00]} Bb1 {[%emt 0:00:17]} 35. Bd5+ {[%emt 0:00:00]} Kg7 {[%emt 0:00:21]} 36. Bc4 {[%emt 0:00:00]} Be4+ {[%emt 0:00:14]} 37. Kh2 {[%emt 0:02:00]} Ra1 {[%emt 0:00:11]} 38. Rc7+ {[%emt 0:00:00]} Kh6 {[%emt 0:00:14]} 39. Bf1 {[%emt 0:00:00]} Rxf1 {[%emt 0:02:53]} 0-1

[Event "FRA-ch Youth U12 2019"]
[Site "Hyeres"]
[Date "2019.04.15"]
[Round "3.4"]
[White "Garrigue, Julian"]
[Black "Mekhane, Adam"]
[Result "0-1"]
[WhiteElo "1562"]
[BlackElo "1995"]
[Annotator "NA"]
[PlyCount "102"]
[EventDate "2019.04.14"]
[EventType "swiss"]
[EventCountry "FRA"]
[SourceTitle "playchess.com"]
[Source "ChessBase"]
[SourceQuality "1"]
[TimeControl "5400+30"]

1. e4 {[%emt 0:00:00]} c5 {[%emt 0:00:00]} 2. d4 {[%emt 0:00:00]} cxd4 {[%emt 0:00:00]} 3. c3 {[%emt 0:00:00]} Nf6 {[%emt 0:00:00]} 4. e5 {[%emt 0:00:00]} Nd5 {[%emt 0:00:01]} 5. cxd4 {[%emt 0:00:00]} d6 {[%emt 0:00:07]} 6. Nf3 {[%emt 0:01:14]} Nc6 {[%emt 0:00:04]} 7. Bc4 {[%emt 0:02:37]} Nb6 {[%emt 0:00:05]} 8. Bd3 {[%emt 0:00:45] B22: Sicilian: 2 c3} (8. Bb5 Bd7 9. exd6 e6 10. Bg5 f6 11. Be3 Bxd6 12. Nc3 Nb4 13. Be2 N4d5 14. O-O O-O 15. Bd3 Rc8 16. Rc1 Be8 17. Nxd5 Nxd5 18. Rxc8 Qxc8 {0-1 (26) Potkin,V (2597)-Nepomniachtchi,I (2763) Moscow 2018}) 8... g6 {[%emt 0:08:04]} 9. O-O {[%emt 0:02:09]} Bg7 {[%emt 0:00:51]} 10. Re1 {[%emt 0:02:25]} O-O {[%emt 0:00:33]} 11. Bf4 $146 {[%emt 0:02:55]} ({Predecessor:} 11. a3 dxe5 12. dxe5 Bg4 13. Bf4 Nd5 14. Bg3 e6 15. Nbd2 Nf4 {½-½ (38) Qin,J (1685)-Taylor,R (1888) Auckland 2016}) 11... Bg4 {[%emt 0:03:18]} 12. Be2 {[%emt 0:07:08]} (12. exd6 $1 $15 exd6 13. Be2) 12... dxe5 {[%emt 0:10:27]} 13. dxe5 {[%emt 0:01:56]} Bxf3 {[%emt 0:00:45]} 14. Bxf3 {[%emt 0:00:13]} Qxd1 {[%emt 0:00:11]} 15. Bxd1 {[%emt 0:00:35]} ({White should try} 15. Rxd1 Nxe5 16. Bxb7) 15... Nc4 {[%emt 0:00:36]} 16. Bc2 {[%emt 0:02:12]} N4xe5 {[%emt 0:03:02]} ({Don't play} 16... Bxe5 17. Bxe5 N4xe5 18. Nc3 $17) 17. Nc3 {[%emt 0:01:43]} Nc4 {[%emt 0:03:36]} 18. Bc1 {[%emt 0:12:49]} Rfd8 {[%emt 0:05:40]} 19. Rd1 $19 {[%emt 0:04:15]} Nb4 {[%emt 0:07:19]} 20. Bb3 {[%emt 0:05:01]} Rxd1+ {[%emt 0:01:41]} 21. Bxd1 {[%emt 0:01:31]} Nd3 {[%emt 0:01:31]} 22. Na4 {[%emt 0:08:34]} b5 {[%emt 0:04:51]} 23. Be2 {[%emt 0:00:36]} Rd8 {[%emt 0:02:18]} 24. Nc3 {[%emt 0:01:26]} b4 {[%emt 0:06:54]} 25. Na4 {[%emt 0:00:22]} Rd7 {[%emt 0:02:16]} 26. Rb1 {[%emt 0:02:25]} h5 {[%emt 0:07:39]} 27. b3 {[%emt 0:01:38]} Nxc1 {[%emt 0:01:40]} 28. Rxc1 {[%emt 0:00:39]} Ne5 {[%emt 0:00:27]} 29. f4 {[%emt 0:01:03]} Ng4 {[%emt 0:07:55]} 30. h3 {[%emt 0:06:04]} Ne3 {[%emt 0:05:29]} 31. Kf2 {[%emt 0:02:32]} Nd5 {[%emt 0:02:24]} 32. Rd1 {[%emt 0:01:15]} e6 {[%emt 0:02:40]} 33. g4 {[%emt 0:02:41]} hxg4 {[%emt 0:02:36]} 34. hxg4 {[%emt 0:00:48]} Rc7 {[%emt 0:00:30]} 35. Kf3 {[%emt 0:02:09]} Rc2 {[%emt 0:00:56]} 36. Bc4 {[%emt 0:00:26]} Nc3 {[%emt 0:02:00]} 37. Rd8+ {[%emt 0:00:47]} Kh7 {[%emt 0:00:18]} 38. Bd3 {[%emt 0:00:46]} Rxa2 {[%emt 0:10:16]} 39. Rb8 {[%emt 0:01:21]} Nxa4 {[%emt 0:00:00]} 40. bxa4 {[%emt 0:00:05]} Rxa4 {[%emt 0:00:00]} 41. Bc2 {[%emt 0:00:30]} Ra3+ {[%emt 0:00:00]} 42. Ke4 {[%emt 0:00:16]} Bc3 {[%emt 0:00:00]} 43. f5 {[%emt 0:01:01]} gxf5+ {[%emt 0:00:00]} 44. gxf5 {[%emt 0:00:06]} exf5+ {[%emt 0:00:00]} 45. Kxf5 {[%emt 0:00:19]} Kg7 {[%emt 0:00:00]} 46. Rb5 {[%emt 0:00:21]} a5 {[%emt 0:00:00]} 47. Kg5 {[%emt 0:00:43]} a4 {[%emt 0:00:00]} 48. Rc5 {[%emt 0:01:33]} Bf6+ {[%emt 0:00:00]} 49. Kf4 {[%emt 0:01:00]} b3 {[%emt 0:00:00]} 50. Bb1 {[%emt 0:00:19]} Ra1 {[%emt 0:00:00]} 51. Rc1 {[%emt 0:00:15]} a3 {[%emt 0:00:00]} 0-1

[Event "FRA-ch Youth U12 2019"]
[Site "Hyeres"]
[Date "2019.04.17"]
[Round "5.1"]
[White "Maurizzi, Marc Andria"]
[Black "Mekhane, Adam"]
[Result "1-0"]
[WhiteElo "2276"]
[BlackElo "1995"]
[Annotator "NA RC"]
[PlyCount "125"]
[EventDate "2019.04.14"]
[EventType "swiss"]
[EventCountry "FRA"]
[SourceTitle "playchess.com"]
[Source "ChessBase"]
[SourceQuality "1"]
[TimeControl "5400+30"]

1. e4 {[%emt 0:00:00]} c5 {[%emt 0:00:00]} 2. Nf3 {[%emt 0:00:00]} Nc6 {[%emt 0:00:00]} 3. Nc3 {[%emt 0:00:00]} g6 {[%emt 0:04:08]} 4. Bb5 {[%emt 0:00:27]} Bg7 {[%emt 0:01:37]} 5. O-O {[%emt 0:00:15]} Nd4 {[%emt 0:03:46]} 6. Ba4 {[%emt 0:00:03]} a6 {[%emt 0:03:49] B31: Sicilian: 2...Nc6 3 Bb5 g6} 7. Nxd4 {[%emt 0:00:05]} cxd4 {[%emt 1:20:10]} 8. Ne2 {[%emt 0:00:01]} b5 {[%emt 0:00:30]} 9. Bb3 {[%emt 0:00:30]} d3 $146 {[%emt 0:00:30]} ({You set blue moves yourself with the critical opening position annotation.:} 9... Bb7 10. d3 d5 11. f3 e6 12. Qe1 Ne7 13. Qh4 dxe4 14. fxe4 {1-0 (36) Karjakin,S (2760)-Soumya,S (2423) Douglas 2018}) 10. cxd3 {[%emt 0:00:30]} Bb7 {[%emt 0:00:30]} 11. f4 {[%emt 0:00:30]} e6 {[%emt 0:00:30]} 12. Ng3 {[%emt 0:00:30]} Ne7 {[%emt 0:00:30]} 13. d4 {[%emt 0:00:30]} Bxd4+ {[%emt 0:00:30]} 14. Kh1 {[%emt 0:00:30]} d5 {[%emt 0:00:30]} 15. e5 {[%emt 0:00:30]} Nf5 {[%emt 0:00:30]} 16. Ne2 {[%emt 0:00:30]} Bb6 {[%emt 0:00:30]} 17. d4 {[%emt 0:00:30]} h5 {[%emt 0:00:30]} 18. Bc2 {[%emt 0:00:30]} h4 {[%emt 0:00:30]} 19. Bxf5 {[%emt 0:05:31]} gxf5 {[%emt 0:00:00]} 20. a4 {[%emt 1:33:39]} b4 {[%emt 0:52:23]} 21. a5 {[%emt 0:00:00]} Ba7 {[%emt 0:00:00]} 22. Bd2 {[%emt 0:00:00]} Bc6 {[%emt 0:00:00]} 23. Bxb4 {[%emt 0:00:00]} Rb8 {[%emt 0:00:00]} 24. Bc3 {[%emt 0:00:00]} Bb5 {[%emt 0:00:00]} 25. h3 {[%emt 0:00:00]} Rg8 {[%emt 0:00:00]} 26. Rf2 {[%emt 0:00:00]} Rc8 {[%emt 0:00:00]} 27. Ng1 {[%emt 0:00:00]} Rh8 {[%emt 0:00:00]} 28. Nf3 {[%emt 0:00:00]} Rc4 {[%emt 0:00:25]} 29. Qe1 {[%emt 0:00:00]} Kd7 {[%emt 0:02:34]} 30. Rd2 {[%emt 0:00:00]} Qe7 {[%emt 0:00:48]} 31. Rdd1 {[%emt 0:00:00]} Qd8 {[%emt 0:01:44]} 32. Ng5 {[%emt 0:00:00]} Ke8 {[%emt 0:00:37]} 33. Nf3 {[%emt 0:00:00]} Kd7 {[%emt 0:00:17]} 34. Rdc1 {[%emt 0:00:00]} Ke8 {[%emt 0:01:11]} 35. Qd2 {[%emt 0:07:30]} Kd7 {[%emt 0:02:10]} 36. b3 {[%emt 0:00:00]} Rc6 {[%emt 0:02:40]} 37. Bb4 {[%emt 0:00:00]} Qg8 {[%emt 0:00:42]} 38. Ba3 {[%emt 0:01:30]} Qd8 {[%emt 0:01:44]} 39. Qb4 {[%emt 0:00:30]} Kc7 {[%emt 0:00:30]} 40. Rxc6+ {[%emt 0:00:00]} Kxc6 {[%emt 0:02:44]} 41. Rc1+ {[%emt 0:00:00]} Kb7 {[%emt 0:01:04]} 42. Qc3 {[%emt 0:00:00]} Qd7 {[%emt 0:00:41]} 43. Bd6 {[%emt 0:00:00]} Rc8 {[%emt 0:01:40]} 44. Qxc8+ {[%emt 0:03:00]} Qxc8 {[%emt 0:00:00]} 45. Rxc8 {[%emt 0:00:00]} Kxc8 {[%emt 0:00:30]} 46. Bc5 {[%emt 0:00:00]} Bxc5 {[%emt 0:01:19]} 47. dxc5 {[%emt 0:00:00]} Bd3 {[%emt 0:00:33]} 48. Nd4 {[%emt 0:02:00]} Kc7 {[%emt 0:00:30]} 49. g3 {[%emt 0:00:00]} hxg3 {[%emt 0:01:00]} 50. Kg2 {[%emt 0:01:00]} Bb5 {[%emt 0:00:15]} 51. Nxb5+ {[%emt 0:00:00]} axb5 {[%emt 0:00:01]} 52. b4 {[%emt 0:00:00]} d4 {[%emt 0:01:02]} 53. Kxg3 {[%emt 0:01:30]} Kc6 54. a6 {[%emt 0:00:00]} Kc7 {[%emt 0:00:14]} 55. h4 {[%emt 0:00:00]} Kc6 {[%emt 0:00:03]} 56. h5 {[%emt 0:00:00]} d3 {[%emt 0:00:01]} 57. Kf3 {[%emt 0:00:00]} d2 {[%emt 0:00:07]} 58. Ke2 {[%emt 0:00:00]} d1=Q+ {[%emt 0:00:05]} 59. Kxd1 {[%emt 0:00:00]} f6 {[%emt 0:00:04]} 60. h6 {[%emt 0:00:00]} fxe5 {[%emt 0:00:03]} 61. h7 {[%emt 0:00:00]} exf4 {[%emt 0:00:04]} 62. h8=Q {[%emt 0:00:00]} f3 {[%emt 0:00:04]} 63. a7 {[%emt 0:00:00]} 1-0

[Event "FRA-ch Youth U12 2019"]
[Site "Hyeres"]
[Date "2019.04.17"]
[Round "5.2"]
[White "Tulliez, Andre"]
[Black "Bat, Bilguun"]
[Result "0-1"]
[WhiteElo "1772"]
[BlackElo "2163"]
[Annotator "TA"]
[PlyCount "80"]
[EventDate "2019.04.14"]
[EventType "swiss"]
[EventCountry "FRA"]
[SourceTitle "playchess.com"]
[Source "ChessBase"]
[SourceQuality "1"]

{[%evp 9,80,46,57,37,62,10,67,20,25,22,34,0,0,0,5,19,9,-23,-25,-29,-25,-22,0,0,0,0,0,-68,-66,-62,-61,-216,-156,-158,-112,-120,-116,-282,-281,-285,-280,-273,-253,-286,-286,-297,-288,-447,-444,-454,-449,-663,-649,-639,-652,-893,-908,-905,-890,-808,-897,-887,-874,-1063,-1045,-1030,-1017,-1070,-1018,-1075,-922,-1548,-1370]} 1. e4 c5 2. Nf3 a6 3. c4 e6 4. Nc3 Qc7 5. Be2 b6 6. O-O {B40: Sicilian: 2...e6, Unusual lines} (6. d4 cxd4 7. Nxd4 Bb7 8. Be3 Nf6 9. f3 Be7 10. O-O O-O 11. Kh1 d6 12. Rc1 Nbd7 13. b4 Rac8 14. a3 Rfe8 15. Qd2 Qb8 16. Rfd1 Bd8 17. Nb3 Bc7 18. Bf4 d5 19. Bxc7 Rxc7 20. cxd5 exd5 21. exd5 Nxd5 22. Nxd5 Bxd5 23. Nd4 b5 24. Bf1 Rxc1 25. Rxc1 {½-½ (40) Yu,Y (2738)-Karthikeyan,M (2578) Moscow 2017}) 6... Bb7 7. d3 (7. d4 $14) 7... d6 ({Black should play} 7... Nf6 $11) 8. Be3 {White is slightly better.} Nf6 9. h3 $146 ({Predecessor:} 9. Qc2 Nbd7 10. Rfd1 Be7 11. Nd2 d5 12. exd5 exd5 13. cxd5 Nxd5 14. Nxd5 Bxd5 {½-½ (24) Popa,C (1749)-Pelin,A (1722) Baile Felix 2017}) 9... Be7 10. Qd2 Nbd7 11. Rac1 O-O 12. Rfd1 Rac8 13. Qc2 d5 14. exd5 exd5 15. cxd5 b5 {[%cal Bb6b5,Bb5b4][%mdl 32]} 16. d4 c4 17. a4 b4 18. Nb1 (18. Ne4 $11) 18... Bxd5 $15 19. Nfd2 {[%cal Rd2c4]} Qb7 $1 20. Bf3 $2 {[#]} ({White should try} 20. Nxc4 $15 Bxg2 21. Qf5) 20... Bxf3 21. Nxf3 Qd5 $36 {[%mdl 2048] Black has strong initiative.} 22. Qe2 Nb6 23. Nfd2 $2 (23. Re1 $17 {might work better.}) 23... a5 $19 24. Re1 Bd6 25. Qd1 Rfe8 26. Nf3 Qf5 27. Ne5 Nfd5 28. Nd2 (28. Qe2 {was called for.}) 28... c3 {Black is clearly winning.} 29. bxc3 Nxc3 30. Qb3 {[#]} (30. Qf3 $142 Qxf3 31. Ndxf3) 30... Ne2+ $1 {[%mdl 576] Deflection} 31. Rxe2 {Strongly threatening Ree1.} Rxc1+ 32. Kh2 Bxe5+ 33. dxe5 Qxe5+ 34. g3 Qd5 35. Qxd5 Nxd5 36. Nb3 Rc3 37. Rb2 Nxe3 38. fxe3 Rcxe3 39. Nd4 g6 40. h4 R8e4 {Accuracy: White = 36%, Black = 80%.} 0-1

[Event "FRA-ch Youth U12 2019"]
[Site "Hyeres"]
[Date "2019.04.17"]
[Round "5.3"]
[White "Ider, Bayar"]
[Black "Kuhn, Clement"]
[Result "1-0"]
[WhiteElo "1609"]
[BlackElo "1936"]
[Annotator "NA RC"]
[PlyCount "100"]
[EventDate "2019.04.14"]
[EventType "swiss"]
[EventCountry "FRA"]
[SourceTitle "playchess.com"]
[Source "ChessBase"]
[SourceQuality "1"]
[TimeControl "5400+30"]

1. d4 {[%emt 0:00:00]} Nf6 {[%emt 0:00:00]} 2. Nf3 {[%emt 0:00:01]} g6 {[%emt 0:00:00]} 3. e3 {[%emt 0:00:08]} Bg7 {[%emt 0:00:00]} 4. b4 {[%emt 0:00:10]} O-O {[%emt 0:00:33]} 5. Bb2 {[%emt 0:00:11]} d6 {[%emt 0:00:59]} 6. Be2 {[%emt 0:00:12]} Nbd7 {[%emt 0:00:24]} 7. c4 {[%emt 0:00:21]} a6 {[%emt 0:01:07]} 8. a4 {[%emt 0:00:31]} b6 {[%emt 0:01:58]} 9. Nc3 {[%emt 0:00:29]} Bb7 {[%emt 0:00:06]} 10. Qc2 {[%emt 0:00:38]} e5 {[%emt 0:02:19]} 11. O-O {[%emt 0:04:19]} Qe7 {[%emt 0:02:17]} 12. a5 {[%emt 0:03:00]} Ne8 {[%emt 0:06:16]} 13. Nd5 {[%emt 0:02:16]} Qd8 {[%emt 0:06:01]} 14. Rfd1 {[%emt 0:02:08]} Bxd5 {[%emt 0:05:35]} 15. cxd5 {[%emt 0:00:13]} b5 {[%emt 0:00:20]} 16. Rac1 {[%emt 0:01:28]} f5 {[%emt 0:06:54]} 17. dxe5 {[%emt 0:04:15]} dxe5 {[%emt 0:01:13]} 18. h4 {[%emt 0:00:55]} h6 {[%emt 0:02:29]} 19. Qb3 {[%emt 0:03:16]} Nd6 {[%emt 0:07:18]} 20. Rc6 {[%emt 0:01:13]} g5 {[%emt 0:03:47]} 21. hxg5 {[%emt 0:01:54]} hxg5 {[%emt 0:00:09]} 22. Rdc1 {[%emt 0:01:24]} g4 {[%emt 0:00:13]} 23. Ne1 {[%emt 0:00:32]} Ra7 {[%emt 0:07:09]} 24. Qc2 {[%emt 0:08:40]} g3 {[%emt 0:02:34]} 25. Nf3 {[%emt 0:12:43]} Bh6 {[%emt 0:07:30]} 26. Rxc7 {[%emt 0:05:19]} gxf2+ {[%emt 0:00:13]} 27. Kxf2 {[%emt 0:01:23]} Rxc7 {[%emt 0:04:56]} 28. Qxc7 {[%emt 0:00:13]} Bxe3+ {[%emt 0:00:10]} 29. Kxe3 {[%emt 0:46:38]} Nc4+ {[%emt 0:00:06]} 30. Rxc4 {[%emt 0:00:00]} bxc4 {[%emt 0:00:47]} 31. Qxd8 {[%emt 0:00:00]} Rxd8 {[%emt 0:00:09]} 32. Bxc4 {[%emt 0:00:00]} Rb8 {[%emt 0:06:08]} 33. Nxe5 {[%emt 0:00:00]} Rxb4 {[%emt 0:06:58]} 34. d6+ {[%emt 0:00:00]} Kh7 {[%emt 0:01:19]} 35. Nxd7 {[%emt 0:00:00]} Rxb2 {[%emt 0:00:30]} 36. Nb6 {[%emt 0:00:00]} f4+ {[%emt 0:00:39]} 37. Kd4 {[%emt 0:00:00]} Rd2+ {[%emt 0:00:52]} 38. Bd3+ {[%emt 0:00:00]} Kg7 {[%emt 0:00:26]} 39. d7 {[%emt 0:00:00]} Rxg2 {[%emt 0:00:05]} 40. d8=Q {[%emt 0:00:00]} f3 {[%emt 0:00:14]} 41. Qd7+ {[%emt 0:00:00]} Kh6 {[%emt 0:00:21]} 42. Qh3+ {[%emt 0:00:00]} Kg7 {[%emt 0:00:04]} 43. Qxf3 {[%emt 0:00:00]} Rg5 {[%emt 0:00:07]} 44. Qb7+ {[%emt 0:00:00]} Kf6 {[%emt 0:00:16]} 45. Nd5+ {[%emt 0:00:00]} Rxd5+ {[%emt 0:00:21]} 46. Qxd5 {[%emt 0:00:00]} Kg7 {[%emt 0:00:04]} 47. Ke5 {[%emt 0:00:00]} Kh8 {[%emt 0:00:07]} 48. Qe4 {[%emt 0:00:00]} Kg7 {[%emt 0:00:05]} 49. Qh7+ {[%emt 0:00:00]} Kf8 {[%emt 0:00:10]} 50. Kd5 {[%emt 0:10:30]} Ke8 {[%emt 0:22:42]} 1-0

[Event "FRA-ch Youth U12 2019"]
[Site "Hyeres"]
[Date "2019.04.17"]
[Round "5.4"]
[White "Fischler, Oscar"]
[Black "Lanz, Remi"]
[Result "1-0"]
[WhiteElo "1758"]
[BlackElo "1274"]
[Annotator "NA RC"]
[PlyCount "31"]
[EventDate "2019.04.14"]
[EventType "swiss"]
[EventCountry "FRA"]
[SourceTitle "playchess.com"]
[Source "ChessBase"]
[SourceQuality "1"]
[TimeControl "5400+30"]

1. Nf3 {[%emt 0:00:00]} d5 {[%emt 0:00:09]} 2. g3 {[%emt 0:00:00]} c5 {[%emt 0:00:32]} 3. Bg2 {[%emt 0:00:00]} Nc6 {[%emt 0:00:44]} 4. O-O {[%emt 0:00:31]} Bg4 {[%emt 0:02:20]} 5. d3 {[%emt 0:00:53]} Nf6 {[%emt 0:01:07]} 6. Nbd2 {[%emt 0:01:52]} e6 {[%emt 0:00:58]} 7. h3 {[%emt 0:01:01]} Bh5 {[%emt 0:01:58]} 8. g4 {[%emt 0:04:31]} Bg6 {[%emt 0:04:35]} 9. Nh4 {[%emt 0:06:27]} Qc7 {[%emt 0:17:01]} 10. f4 {[%emt 0:31:05]} O-O-O {[%emt 0:29:26]} 11. c4 {[%emt 0:05:47]} Be7 {[%emt 0:24:21]} 12. f5 {[%emt 0:04:34]} exf5 {[%emt 0:05:10]} 13. Nxf5 {[%emt 0:00:45]} Bxf5 {[%emt 0:07:00]} 14. Rxf5 {[%emt 0:00:02]} dxc4 {[%emt 0:00:40]} 15. Nxc4 {[%emt 0:01:01]} Nd4 {[%emt 0:00:49]} 16. Rf2 {[%emt 0:00:45]} 1-0

[Event "FRA-ch Youth U12 2019"]
[Site "Hyeres"]
[Date "2019.04.18"]
[Round "6.1"]
[White "Bat, Bilguun"]
[Black "Maurizzi, Marc Andria"]
[Result "0-1"]
[WhiteElo "2163"]
[BlackElo "2276"]
[Annotator "NA"]
[PlyCount "80"]
[EventDate "2019.04.14"]
[EventType "swiss"]
[EventCountry "FRA"]
[SourceTitle "playchess.com"]
[Source "ChessBase"]
[SourceQuality "1"]
[TimeControl "5400+30"]

1. d4 {[%emt 0:00:00]} Nf6 {[%emt 0:00:00]} 2. Nf3 {[%emt 0:00:00]} g6 {[%emt 0:00:05]} 3. g3 {[%emt 0:00:14]} Bg7 {[%emt 0:00:20]} 4. Bg2 {[%emt 0:00:06]} O-O {[%emt 0:00:13]} 5. O-O {[%emt 0:00:04]} d6 {[%emt 0:05:15]} 6. b3 {[%emt 0:00:07]} Nbd7 {[%emt 0:08:10]} 7. Bb2 {[%emt 0:00:41]} c6 {[%emt 0:00:56]} 8. c4 {[%emt 0:05:11]} Qc7 {[%emt 0:00:55]} 9. Nc3 {[%emt 0:07:24]} e5 {[%emt 0:02:31]} 10. Qc2 {[%emt 0:01:20]} Re8 {[%emt 0:06:29]} 11. e4 {[%emt 0:04:01]} exd4 {[%emt 0:01:10]} 12. Nxd4 {[%emt 0:00:10]} Nc5 {[%emt 0:01:42]} 13. Rad1 {[%emt 0:06:12]} Bd7 {[%emt 0:03:52]} 14. h3 {[%emt 0:03:50]} a5 {[%emt 0:10:02]} 15. a3 {[%emt 0:11:00]} Re7 {[%emt 0:03:42]} 16. Rfe1 {[%emt 0:10:01]} Rae8 {[%emt 0:03:16]} 17. b4 {[%emt 0:02:21]} axb4 {[%emt 0:00:14]} 18. axb4 {[%emt 0:00:02]} Na6 {[%emt 0:02:16]} 19. Ba3 {[%emt 0:03:44]} Qc8 {[%emt 0:17:45]} 20. Kh2 {[%emt 0:08:27]} Re5 {[%emt 0:00:50]} 21. Nde2 {[%emt 0:04:24]} Rh5 {[%emt 0:02:31]} 22. Nf4 {[%emt 0:01:09]} Rh6 {[%emt 0:00:18]} 23. b5 {[%emt 0:13:14]} Nc5 {[%emt 0:14:14]} 24. Bxc5 {[%emt 0:02:14]} dxc5 {[%emt 0:00:01]} 25. bxc6 {[%emt 0:00:44]} bxc6 {[%emt 0:00:07]} 26. Na4 {[%emt 0:01:32]} g5 {[%emt 0:02:32]} 27. Nb6 {[%emt 0:00:16]} Qc7 {[%emt 0:00:05]} 28. Nxd7 {[%emt 0:00:29]} gxf4 {[%emt 0:02:05]} 29. Nxf6+ {[%emt 0:01:23]} Bxf6 {[%emt 0:00:36]} 30. Rd3 {[%emt 0:09:38]} Rg6 {[%emt 0:01:42]} 31. Rf3 {[%emt 0:00:46]} fxg3+ {[%emt 0:00:22]} 32. fxg3 {[%emt 0:00:07]} Be5 {[%emt 0:01:42]} 33. Ree3 {[%emt 0:01:20]} Kh8 {[%emt 0:02:27]} 34. Kh1 {[%emt 0:01:39]} Bxg3 {[%emt 0:00:51]} 35. Rf1 {[%emt 0:01:08]} Be5 {[%emt 0:00:25]} 36. Re2 {[%emt 0:00:47]} Reg8 {[%emt 0:00:59]} 37. Qd3 {[%emt 0:00:42]} f6 {[%emt 0:00:49]} 38. Qb3 {[%emt 0:00:41]} Qd7 {[%emt 0:01:05]} 39. Qd1 {[%emt 0:00:31]} Rxg2 {[%emt 0:01:16]} 40. Qxd7 {[%emt 0:00:49]} Rxe2 {[%emt 0:00:02]} 0-1

[Event "FRA-ch Youth U12 2019"]
[Site "Hyeres"]
[Date "2019.04.18"]
[Round "6.2"]
[White "Ider, Bayar"]
[Black "Fischler, Oscar"]
[Result "0-1"]
[WhiteElo "1609"]
[BlackElo "1758"]
[Annotator "NA"]
[PlyCount "51"]
[EventDate "2019.04.14"]
[EventType "swiss"]
[EventCountry "FRA"]
[SourceTitle "playchess.com"]
[Source "ChessBase"]
[SourceQuality "1"]
[TimeControl "5400+30"]

1. d4 {[%emt 0:00:00]} d5 {[%emt 0:00:00]} 2. Nf3 {[%emt 0:00:00]} Nf6 {[%emt 0:00:00]} 3. g3 {[%emt 0:00:00]} c5 {[%emt 0:00:00]} 4. c4 {[%emt 0:00:03]} dxc4 {[%emt 0:06:17]} 5. Bg2 {[%emt 0:01:02]} Nc6 {[%emt 0:05:06]} 6. dxc5 {[%emt 0:03:49]} Qa5+ {[%emt 0:05:05]} 7. Bd2 {[%emt 0:05:47]} Qxc5 {[%emt 0:03:33]} 8. O-O {[%emt 0:05:39]} g6 {[%emt 0:02:56]} 9. Nc3 {[%emt 0:04:38]} Bg7 {[%emt 0:07:36]} 10. Qc1 {[%emt 0:04:49]} O-O {[%emt 0:05:28]} 11. Bh6 {[%emt 0:02:42]} a6 {[%emt 0:07:54]} 12. Bxg7 {[%emt 0:02:46]} Kxg7 {[%emt 0:00:08]} 13. Nd2 {[%emt 0:03:29]} b5 {[%emt 0:07:20]} 14. a4 {[%emt 0:01:48]} Bb7 {[%emt 0:00:57]} 15. axb5 {[%emt 0:01:06]} axb5 {[%emt 0:00:15]} 16. Rxa8 {[%emt 0:00:26]} Rxa8 {[%emt 0:03:26]} 17. Nde4 {[%emt 0:01:39]} Nxe4 {[%emt 0:01:27]} 18. Nxe4 {[%emt 0:00:17]} Qb4 {[%emt 0:03:24]} 19. Ng5 {[%emt 0:05:35]} h6 {[%emt 0:01:07]} 20. Nf3 {[%emt 0:03:12]} Ra2 {[%emt 0:01:46]} 21. Qe3 {[%emt 0:07:30]} Qxb2 {[%emt 0:02:15]} 22. Qb6 {[%emt 0:01:06]} Ba8 {[%emt 0:00:47]} 23. Qe3 {[%emt 0:05:45]} Qxe2 {[%emt 0:04:14]} 24. Qc3+ {[%emt 0:03:24]} e5 {[%emt 0:01:30]} 25. Qe1 {[%emt 0:05:50]} Qxe1 {[%emt 0:02:25]} 26. Rxe1 {[%emt 0:00:04]} 0-1